000
00341 a2200157 4500
001
74781
020
_a
9788520912907
040
_c
Anchieta - Colégio São Paulo
100
_a
Orthof, Sylvia
240
1
0
_a
A bruxa Fofim
_l
por
245
1
0
_a
A bruxa Fofim
300
_a
16
362
0
_a
2002
650
4
_a
Literatura infantil
942
_c
BK
999
_c
74781
_d
74781